00321nam a2200121Ia 4500008004100000041000800041082001500049100001900064245004500083260002900128300003000157365001200187240624s9999 xx 000 0 und d aeng a153.15 COL aCOLLINS STELLA aNEUROSCIENCE FOR LEARNING AND DEVELOPMEN c2016aLondonbKogan Page aix, : 232 : p. : cm. ; 23 cGBPb30